| 000 | 01122cam a22003494a 4500 | ||
|---|---|---|---|
| 005 | 20260322212035.0 | ||
| 008 | data | ||
| 010 | _a 2005034198 | ||
| 020 | _a9781591473954 | ||
| 020 | _a1591473950 | ||
| 040 |
_aDLC _cDLC _dIXA _dC#P _dIXA |
||
| 041 | 0 | 9 | _aeng |
| 042 |
_anlmcopyc _anlmcopyc |
||
| 044 | _9United States | ||
| 049 | _aNLMM | ||
| 050 | 0 | 0 |
_aRA1148 _b.B86 2006 |
| 060 | 1 | 0 |
_aW 740 _bB978e 2006 |
| 082 | 0 | 0 |
_a174.2/9415 _222 |
| 100 | 1 |
_aBush, Shane S., _d1965- |
|
| 245 | 1 | 0 |
_aEthical practice in forensic psychology : _ba systematic model for decision making / _cShane S. Bush ... [et al.]. |
| 250 | _a1st ed. | ||
| 260 |
_aWashington, DC : _bAmerican Psychological Association, _cc2006. |
||
| 300 |
_axi, 196 p. ; _c27 cm. |
||
| 504 | _aIncludes bibliographical references (p. 171-181) and indexes. | ||
| 650 | 1 | 2 |
_aForensic Psychiatry _xethics _zUnited States |
| 650 | 2 | 2 |
_aForensic Psychiatry _xstandards _zUnited States |
| 650 | 2 | 2 |
_aEthics, Professional _zUnited States |
| 700 | 1 | _aConnell, Mary A. | |
| 700 | 1 | _aDenney, Robert L. | |
| 710 | 2 | _aAmerican Psychological Association. | |
| 001 | data | ||
| 999 |
_c825 _d825 |
||